Normal view
MARC view
- Sissom , Leighton .E
Entry Corporate Name
001 - CONTROL NUMBER
- control field: 123539
003 - CONTROL NUMBER IDENTIFIER
- control field: NUST
005 - DATE AND TIME OF LATEST TRANSACTION
- control field: 20240612152212.0
008 - FIXED-LENGTH DATA ELEMENTS
- fixed length control field: 240612|| aca||aabn | a|a d
040 ## - CATALOGING SOURCE
- Original cataloging agency: NUST
- Transcribing agency: NUST
110 ## - HEADING--CORPORATE NAME
- Corporate name or jurisdiction name as entry element: Sissom , Leighton .E
670 ## - SOURCE DATA FOUND
- Source citation: Work cat.: (NUST): Pitts ,Donald .R 81114, Schaum's Outline of Theory and Problems of Heat Transfer , 1988.
